LEADER 01533oam 2200421 a 450 001 9910696904303321 005 20230902161635.0 035 $a(CKB)5470000002383854 035 $a(OCoLC)462232217 035 $a(EXLCZ)995470000002383854 100 $a20091102d2009 ua 0 101 0 $aeng 135 $aurmn||||||||| 181 $ctxt$2rdacontent 182 $cc$2rdamedia 183 $acr$2rdacarrier 200 10$aHuman capital$b[electronic resource] $emonitoring of safeguards and addressing employee perceptions are key to implementing a civilian performance management system in DOD : report to congressional committees 210 1$a[Washington, D.C.] :$cU.S. Govt. Accountability Office,$d[2009] 215 $a1 online resource (iii, 70 pages) $cillustrations 300 $aTitle from PDF title screen (GAO, viewed Nov. 2, 2009). 300 $a"October 2009." 300 $a"GAO-10-102." 320 $aIncludes bibliographical references. 517 $aHuman capital 606 $aCivil service$zUnited States$xEvaluation 606 $aHuman capital$xGovernment policy$zUnited States 607 $aUnited States$xOfficials and employees$xEvaluation 607 $aUnited States$xArmed Forces$xCivilian employees$xSalaries, etc 615 0$aCivil service$xEvaluation. 615 0$aHuman capital$xGovernment policy 801 0$bDID 801 1$bDID 801 2$bDID 801 2$bGPO 906 $aBOOK 912 $a9910696904303321 996 $aHuman capital$91131333 997 $aUNINA LEADER 00996nas 2200361 c 450 001 9910147300403321 005 20260218111231.0 035 $a(CKB)1000000000527203 035 $a(DE-599)ZDB2246894-8 035 $a(OCoLC)405778390 035 $a(DE-101)980838134 035 $a(DE-599)2246894-8 035 $a(EXLCZ)991000000000527203 100 $a20060811b19761992 |y | 101 0 $acze 135 $aur||||||||||| 181 $ctxt$2rdacontent 182 $cc$2rdamedia 183 $acr$2rdacarrier 200 00$aSce?na$ec?trna?ctideni?k Svazu C?esky?ch Dramaticky?ch Ume?lc°u pro ota?zky divadla, filmu, rozhlasu a televize 210 31$aPraha$cOrbis$d1976-1992 215 $aOnline-Ressource 531 $aSCÉNA 608 $aZeitschrift$2gnd-content 676 $a792 686 $aTHEATER$qDE-30$2fid 801 0$b8999 801 1$bDE-101 801 2$b4022 906 $aJOURNAL 912 $a9910147300403321 996 $aScena$9788823 997 $aUNINA